Sports Quiz

Random Sports or NFL Quiz

NFL Most Receiving Yards (Season) Quiz Stats

Quiz Updated Jul 9, 2016

Challenge
Share
Tweet
Embed
Score 0/20 Timer 03:00
1 Play Today
Yards Player % Correct
1,964Calvin Johnson
99%
1,681Calvin Johnson
98.9%
1,848Jerry Rice
96.9%
1,871Julio Jones
93.8%
1,834Antonio Brown
93%
1,722Marvin Harrison
90.3%
1,663Marvin Harrison
90.3%
1,632Randy Moss
90%
1,696Torry Holt
85%
1,635Torry Holt
85%
Yards Player % Correct
1,636Jimmy Smith
81.7%
1,602Rod Smith
81.7%
1,603Michael Irvin
80.2%
1,781Isaac Bruce
77.9%
1,646Josh Gordon
75.1%
1,686Herman Moore
41.8%
1,619Demaryius Thomas
33.3%
1,698Antonio Brown
31.5%
1,602Lance Alworth
22.4%
1,746Charley Hennigan
5.9%

You're not logged in!

Compare scores with friends on all Sporcle quizzes.
Sign Up with Email
OR
Log In

You Might Also Like...

Show Comments

Extras

Top Quizzes Today


Score Distribution

Your Account Isn't Verified!

In order to create a playlist on Sporcle, you need to verify the email address you used during registration. Go to your Sporcle Settings to finish the process.